<?xml version="1.0" encoding="UTF-8"?>
<record
    xmlns:xsi="http://www.w3.org/2001/XMLSchema-instance"
    xsi:schemaLocation="http://www.loc.gov/MARC21/slim http://www.loc.gov/standards/marcxml/schema/MARC21slim.xsd"
    xmlns="http://www.loc.gov/MARC21/slim">

  <leader>01812nam a2200361 i 4500</leader>
  <controlfield tag="001">190792</controlfield>
  <controlfield tag="003">ES-MaACL</controlfield>
  <controlfield tag="005">20260311122841.0</controlfield>
  <controlfield tag="008">220711s2017    sp a          001 0cspa</controlfield>
  <datafield tag="020" ind1=" " ind2=" ">
    <subfield code="a">978-84-9012-838-1</subfield>
  </datafield>
  <datafield tag="080" ind1=" " ind2=" ">
    <subfield code="a">929:316.344.32-055.2"19"</subfield>
  </datafield>
  <datafield tag="245" ind1="0" ind2="0">
    <subfield code="a">Liberales, cultivadas y activas : </subfield>
    <subfield code="b">redes culturales, lazos de amistad / </subfield>
    <subfield code="c">Adelaida Sagarra Gamazo (coord.) ; Fabiana Sans Arc&#xED;lagos, Matilde Olarte Mart&#xED;nez, Adelaida Sagarra Gamazo ... [et al.].</subfield>
  </datafield>
  <datafield tag="250" ind1=" " ind2=" ">
    <subfield code="a">1&#xAA; ed.</subfield>
  </datafield>
  <datafield tag="260" ind1=" " ind2=" ">
    <subfield code="a">[Salamanca] : </subfield>
    <subfield code="b">Ediciones Universidad Salamanca, </subfield>
    <subfield code="c">[2017]</subfield>
  </datafield>
  <datafield tag="300" ind1=" " ind2=" ">
    <subfield code="a">657 p. : </subfield>
    <subfield code="b">il. ; </subfield>
    <subfield code="c">24 cm.</subfield>
  </datafield>
  <datafield tag="490" ind1="1" ind2=" ">
    <subfield code="a">M&#xFA;sica viva ; </subfield>
    <subfield code="v">6</subfield>
  </datafield>
  <datafield tag="500" ind1=" " ind2=" ">
    <subfield code="a">&#xCD;ndice disponible en Dialnet.</subfield>
  </datafield>
  <datafield tag="500" ind1=" " ind2=" ">
    <subfield code="a">&#xCD;ndice.</subfield>
  </datafield>
  <datafield tag="504" ind1=" " ind2=" ">
    <subfield code="a">Referencias bibliogr&#xE1;ficas.</subfield>
  </datafield>
  <datafield tag="505" ind1="8" ind2=" ">
    <subfield code="a">Contiene: Teresa Carre&#xF1;o . Luisa Espinel, Rebeca Switzer y Mirrha Alhambra . Irene Lewisohn . Liljan Espenak . Sof&#xED;a Novoa Ortiz . Carolina Marcial-Dorado . Katharine Ramsay . Mildred Adams . Margaret Palmer . Mary Elizabeth Carter-Jones . Eleanor Florence Rathbone . Kati Horna . Rosita Garc&#xED;a Ascot</subfield>
  </datafield>
  <datafield tag="600" ind1="1" ind2="7">
    <subfield code="a">Garc&#xED;a Ascot, Rosa, </subfield>
    <subfield code="d">1902-2002</subfield>
    <subfield code="2">embne</subfield>
    <subfield code="9">240872</subfield>
  </datafield>
  <datafield tag="650" ind1=" " ind2="7">
    <subfield code="a">Mujeres intelectuales</subfield>
    <subfield code="2">embne</subfield>
    <subfield code="9">15346</subfield>
  </datafield>
  <datafield tag="650" ind1=" " ind2="4">
    <subfield code="a">Mujeres-</subfield>
    <subfield code="y">S.XX-</subfield>
    <subfield code="x">Biograf&#xED;as.</subfield>
    <subfield code="9">15315</subfield>
  </datafield>
  <datafield tag="700" ind1="1" ind2=" ">
    <subfield code="a">Sagarra Gamazo, Adelaida.</subfield>
    <subfield code="9">144460</subfield>
  </datafield>
  <datafield tag="700" ind1="1" ind2=" ">
    <subfield code="a">Sans Arc&#xED;lagos, Fabiana.</subfield>
    <subfield code="9">174850</subfield>
  </datafield>
  <datafield tag="700" ind1="1" ind2=" ">
    <subfield code="a">Olarte Mart&#xED;nez, Matilde.</subfield>
    <subfield code="9">174851</subfield>
  </datafield>
  <datafield tag="710" ind1="2" ind2=" ">
    <subfield code="a">Universidad de Salamanca.</subfield>
    <subfield code="9">7275</subfield>
  </datafield>
  <datafield tag="830" ind1="1" ind2=" ">
    <subfield code="a">M&#xFA;sica viva ; </subfield>
    <subfield code="v">6</subfield>
    <subfield code="9">225940</subfield>
  </datafield>
  <datafield tag="852" ind1="4" ind2=" ">
    <subfield code="a">ES-MaACL</subfield>
    <subfield code="j">A-15014</subfield>
    <subfield code="9"> 197975</subfield>
    <subfield code="b">R.153328</subfield>
    <subfield code="c">DEPO1</subfield>
    <subfield code="d">Olim: N-8014</subfield>
    <subfield code="h">Donaci&#xF3;n: Editorial </subfield>
  </datafield>
  <datafield tag="856" ind1="4" ind2=" ">
    <subfield code="u">https://dialnet.unirioja.es/servlet/libro?codigo=708229&amp;utm_source=catalogo.bne.es&amp;utm_medium=libro&amp;utm_campaign=Dialnet_Widgets</subfield>
    <subfield code="y">&#xCD;ndice (Dialnet)</subfield>
  </datafield>
  <datafield tag="942" ind1=" " ind2=" ">
    <subfield code="2">udc</subfield>
  </datafield>
  <datafield tag="999" ind1=" " ind2=" ">
    <subfield code="c">190792</subfield>
    <subfield code="d">190792</subfield>
  </datafield>
  <datafield tag="952" ind1=" " ind2=" ">
    <subfield code="0">0</subfield>
    <subfield code="1">0</subfield>
    <subfield code="2">udc</subfield>
    <subfield code="4">0</subfield>
    <subfield code="7">0</subfield>
    <subfield code="8">Colecci&#xF3;n_digital</subfield>
    <subfield code="a">ATENEOM</subfield>
    <subfield code="b">ATENEOM</subfield>
    <subfield code="c">DEPO1</subfield>
    <subfield code="d">2022-07-11</subfield>
    <subfield code="e">DONACION</subfield>
    <subfield code="l">0</subfield>
    <subfield code="o">A-15014</subfield>
    <subfield code="p">1203063</subfield>
    <subfield code="r">2023-02-23 00:00:00</subfield>
    <subfield code="w">2023-02-23</subfield>
    <subfield code="y">MONOGRAFIA</subfield>
  </datafield>
</record>
